Diseño de un plan estratégico para la creación de mecanismo institucional en el área de la geomática

Furkejuvvon:
Bibliográfalaš dieđut
Váldodahkki: Boza Quesada,Kattia
Eará dahkkit: Navarro Blanco, Erick, Sandoval Bermúdez, Ronald
Materiálatiipa: Girji
Almmustuhtton: [San José, Costa Rica] 2004
Fáttát:
Fáddágilkorat: Lasit fáddágilkoriid
Eai fáddágilkorat, Lasit vuosttaš fáddágilkora!

MARC

LEADER 00000nam a2200000Ia 4500
003 009444
005 20221231144134.0
008 140114s2004 cr a m 000 ||s d
040 |c cru CEDI 
090 |a TFG 4987 
100 |a Boza Quesada,Kattia  |9 6212 
245 |a Diseño de un plan estratégico para la creación de mecanismo institucional en el área de la geomática  
260 |c 2004  |a [San José, Costa Rica] 
300 |a  xvi, 198, [100] hojas : ilustraciones (algunas a color)  
500 |a  Proyecto de graduación (licenciatura en ingeniería industrial)--Universidad de Costa Rica. Facultad de Ingeniería. Escuela de Ingeniería Industrial 
650 |x SISTEMAS DE INFORMACION GEOGRAFICA   |x INGENIERÍA INDUSTRIAL   |x PLANIFICACION ESTRATEGICA   |x GEOMATICA   |x EXTENSION UNIVERSITARIA   |x COSTA RICA  |9 6215 
700 |9 6213  |a Navarro Blanco, Erick 
700 |9 6214  |a Sandoval Bermúdez, Ronald 
942 |c TFG 
999 |c 17436  |d 17436